| 000 | 00542nam a2200181Ia 4500 | ||
|---|---|---|---|
| 999 |
_c8064 _d8064 |
||
| 003 | OSt | ||
| 005 | 20200709115412.0 | ||
| 008 | 190216s9999||||xx |||||||||||||| ||und|| | ||
| 020 | _a9788184843361 | ||
| 040 | _coclc | ||
| 082 |
_a332.10954 _bSAL/B |
||
| 100 |
_aSaluja, Rajni _93688 |
||
| 245 | 0 |
_aBanking Performance And Socio-Economic Development / _cRajni Saluja |
|
| 260 |
_bRegal Publications, _c2014. _aNew Delhi: |
||
| 300 | _a408p | ||
| 650 | _aBanking | ||
| 942 |
_cBK _2ddc _h332.10954 _iSAL/B _k332.10954 _mSAL/B |
||